MARC

LEADER 00000nas a2200000 i 4500
001 ssj0001255890
003 WaSeSS
005 20200512172242.0
006 m d
007 cr n
008 140331c20149999enktr p s 0 a0eng d
010 |a  2017208421 
015 |a GBB455551  |2 bnb 
016 7 |a 2763496-6  |2 DE-600 
016 7 |a 016464983  |2 Uk 
022 |a 2053-4612  |y 2053-4604 
035 |a (WaSeSS)ssj0001255890 
037 |a ISSN_20534604  |b Portico  |n Emerald 
040 |a HKP  |b eng  |e pn  |c HKP  |d OCLCO  |d HUL  |d DEBBG  |d OCLCO  |d OCLCF  |d OCLCQ  |d DLC  |d UAB  |d OCLCQ  |d NLE  |d OCLCQ  |d UOK  |d OCLCQ  |d UKMGB  |d WYU  |d WaSeSS 
042 |a lccopycat 
043 |a a-cc--- 
050 0 0 |a HB615 
082 1 4 |a [E] 
245 0 0 |a Journal of entrepreneurship in emerging economies  |h [electronic resource]. 
246 1 |a JEEE 
260 |a Bingley :  |b Emerald Group Publishing,  |c 2014- 
310 |a Three issues a year 
362 1 |a Began with Volume 6, issue 1 (2014). 
506 |a License restrictions may limit access. 
538 |a Mode of access: World Wide Web. 
588 |a Description based on: Volume 6, issue 1 (2014); title from title screen (Emerald, viewed March 31, 2014). 
588 |a Latest issue consulted: Volume 9, issue 1 (2017) (Emerald Insight website, viewed February 15, 2017). 
650 0 |a Entrepreneurship  |z China  |v Periodicals. 
650 0 |a Business enterprises  |z China  |v Periodicals. 
650 0 |a Business enterprises, Foreign  |z China  |v Periodicals. 
650 0 |a Industrial management  |z China  |v Periodicals. 
650 7 |a Business enterprises.  |2 fast  |0 (OCoLC)fst00842519 
650 7 |a Business enterprises, Foreign.  |2 fast  |0 (OCoLC)fst00842659 
650 7 |a Commerce.  |2 fast  |0 (OCoLC)fst00869279 
650 7 |a Entrepreneurship.  |2 fast  |0 (OCoLC)fst00912787 
650 7 |a Industrial management.  |2 fast  |0 (OCoLC)fst00971246 
651 0 |a China  |x Commerce  |v Periodicals. 
651 7 |a China.  |2 fast  |0 (OCoLC)fst01206073 
655 0 |a Electronic journals. 
710 2 |a Emerald Group Publishing. 
776 0 8 |i Print version:  |t Journal of entrepreneurship in emerging economies  |x 2053-4604  |w (DLC) 2014234143  |w (OCoLC)878150137 
780 0 0 |t Journal of Chinese entrepreneurship (Online)  |x 1756-140X  |w (OCoLC)402564714 
850 |a DLC 
856 4 0 |z Full text available from Research Library: 01/01/2009 to 1 year ago  |u https://search.proquest.com/publication/51943